00317nam a2200121Ia 4500008004000000082001300040100002100053245005200074250000500126260004100131300001100172650001200183210210b1977 xxu||||| |||| 00| 0 eng d a581 VASB aVASHISHTA (B R). aBotany for degree students: Part I Algae. Ed 6. a aNew DelhibS. Chand & Co. Ltd.c1977 aix,545 aAlgae